000
00440nam a2200133Ia 4500
008
100328s9999 xx 000 0 und d
082
_b
26501
100
_a
नास्नोलकर हरगोविंद
245
_a
एक गिााड एक डाकू
260
_b
बांदोडकर
630
_a
एक गिााड एक डाकू
730
_a
एक गिााड एक डाकू
942
_c
BOOK
999
_c
518851
_d
518848